Nine basic arts. (Record no. 8046)
[ view plain ]
| 000 -LEADER | |
|---|---|
| fixed length control field | 01010cam a2200301I 4500 |
| 001 - CONTROL NUMBER | |
| JCCL Control Number | 8046 |
| 003 - CONTROL NUMBER IDENTIFIER | |
| JCCL marc code | BD-JhCC |
| 005 - DATE AND TIME OF LATEST TRANSACTION | |
| control field | 20180217190144.0 |
| 008 - FIXED-LENGTH DATA ELEMENTS--GENERAL INFORMATION | |
| fixed length control field | 770222s1961 ilu 001 0 eng |
| 020 ## - INTERNATIONAL STANDARD BOOK NUMBER | |
| International Standard Book Number | 0809301997 |
| 029 1# - (OCLC) | |
| OCLC library identifier | UKM |
| System control number | b6118595 |
| 035 ## - SYSTEM CONTROL NUMBER | |
| system control number | ocm02753915 |
| 035 ## - SYSTEM CONTROL NUMBER | |
| system control number | (BD-JhCC)8046 |
| 040 ## - CATALOGING SOURCE | |
| Original cataloging agency | DLC |
| Transcribing agency | CSU |
| Modifying agency | OCL |
| -- | SER |
| -- | UKM |
| -- | BUF |
| -- | BD-JhCC |
| 041 ## - LANGUAGE CODE | |
| Language code of Book | eng |
| 050 00 - LIBRARY OF CONGRESS CALL NUMBER | |
| Classification number | N66 |
| Item number | .W32 |
| 082 #0 - DEWEY DECIMAL CLASSIFICATION NUMBER | |
| Classification number | 701 |
| Author mark and Year | WEI 1997 |
| 100 1# - MAIN ENTRY--PERSONAL NAME | |
| Personal name | Weiss, Paul, |
| Dates associated with a name | 1901-2002. |
| 245 10 - TITLE STATEMENT | |
| Title | Nine basic arts. |
| 260 ## - PUBLICATION, DISTRIBUTION, ETC. (IMPRINT) | |
| Place of publication, distribution, etc | Carbondale, |
| Name of publisher, distributor, etc | Southern Illinois University Press |
| Date of publication, distribution, etc | [1961] |
| 300 ## - PHYSICAL DESCRIPTION | |
| Pagination | 238 p. |
| Dimensions | 23 cm. |
| 505 00 - FORMATTED CONTENTS NOTE | |
| Title | The realm of art: |
| -- | Varieties of extension -- |
| -- | A classification of the arts -- |
| -- | Some opinions on art -- |
| -- | Nine arts: |
| -- | Architecture -- |
| -- | Sculpture -- |
| -- | Painting -- |
| -- | Musicry -- |
| -- | Story -- |
| -- | Poetry -- |
| -- | Music -- |
| -- | The theatre -- |
| -- | The dance -- |
| -- | Some compound arts. |
| 650 #0 - SUBJECT ADDED ENTRY--TOPICAL TERM | |
| Topical term or geographic name as entry element | Art |
| General subdivision | Philosophy. |
| 650 #0 - SUBJECT ADDED ENTRY--TOPICAL TERM | |
| Topical term or geographic name as entry element | Literature |
| General subdivision | Philosophy. |
| 650 #0 - SUBJECT ADDED ENTRY--TOPICAL TERM | |
| Topical term or geographic name as entry element | Aesthetics. |
| 942 ## - ADDED ENTRY ELEMENTS (KOHA) | |
| Source of classification or shelving scheme | Dewey Decimal Classification |
| Koha item type | Books |
| Source of classification or shelving scheme | Damaged status | Not for loan | Home library | Current library | Shelving location | Total Checkouts | Full call number | Barcode | Date last seen | Copy number | Koha item type |
|---|---|---|---|---|---|---|---|---|---|---|---|
| Dewey Decimal Classification | JCC Rouf Library | JCC Rouf Library | General Stacks | 701 WEI 1997 | 10662 | 02/17/2018 | C - 1 | Books |